000 00962cam a2200265 a 4500
020 _a0521444314
040 _cDLC
082 0 0 _a337 CAM 1993 A066 Or.
245 0 0 _aNew dimensions in regional integration /
260 _aCambridge ;
_aNew York, NY, USA :
_bCambridge University Press,
_c1993.
300 _axxviii, 473 p. ;
_c24 cm.
500 _a"Outcome of a World Bank-CEPR conference held at the World Bank, Washington, DC, on 2-3 April 1992"--Pref.
650 0 _aInternational economic integration
650 0 _aRegionalism
650 0 _aCommercial policy
650 0 _aFree trade
650 0 _aInternational economic integration
700 1 _aDe Melo, Jaime.
700 1 _aPanagariya, Arvind.
710 2 _aWorld Bank.
710 2 _aCentre for Economic Policy Research (Great Britain)
856 4 2 _uhttp://www.loc.gov/catdir/description/cam025/93009818.html
856 4 1 _uhttp://www.loc.gov/catdir/toc/cam021/93009818.html
942 _cEK
999 _c14283
_d14283